000 nam a22 7a 4500
999 _c9338
_d9338
008 180127b ||||| |||| 00| 0 eng d
100 _aAneja,P.L.
_94725
245 _aIch Lerne Deutsch Mein erstes Deutschbuch
260 _aNew Delhi
_bIndo
_c1999